ბათუმის შოთა რუსთაველის სახელმწიფო უნივერსიტეტის ბიბლიოთეკა

Курс польского языка (ბიბ.ჩანაწერი № 35239)

000 -LEADER
fixed length control field 00591nam a2200229Ia 4500
001 - CONTROL NUMBER
control field 1085
003 - CONTROL NUMBER IDENTIFIER
control field GE_BSU
008 - FIXED-LENGTH DATA ELEMENTS--GENERAL INFORMATION
fixed length control field 181216s||||||||xx |||||||||||||| ||und||
020 ## - INTERNATIONAL STANDARD BOOK NUMBER
International Standard Book Number 5060013855
040 ## - CATALOGING SOURCE
Transcribing agency GE_BSU
080 ## - UNIVERSAL DECIMAL CLASSIFICATION NUMBER
Universal Decimal Classification number 811.162.1
100 ## - MAIN ENTRY--PERSONAL NAME
Personal name Тихомирова,Т.С.
245 ## - TITLE STATEMENT
Title Курс польского языка
245 ## - TITLE STATEMENT
Remainder of title Для студ. высш.уч. завед.
260 ## - PUBLICATION, DISTRIBUTION, ETC.
Place of publication, distribution, etc. Москва
260 ## - PUBLICATION, DISTRIBUTION, ETC.
Name of publisher, distributor, etc. Высшая школа
260 ## - PUBLICATION, DISTRIBUTION, ETC.
Date of publication, distribution, etc. 1988
300 ## - PHYSICAL DESCRIPTION
Extent 279стр.
653 ## - INDEX TERM--UNCONTROLLED
Uncontrolled term Курс польского языка
942 ## - ADDED ENTRY ELEMENTS (KOHA)
Koha item type წიგნი
ეგზემპლარები
Withdrawn status Lost status Damaged status Not for loan Date acquired Barcode Date last seen Price effective from Koha item type
        2018-12-17 1687 2018-12-17 2018-12-17 წიგნი